| 000 | 00739nam a22002417a 4500 | ||
|---|---|---|---|
| 001 | BD-DhSAU 1621 | ||
| 003 | BD-DhSAU | ||
| 005 | 20150118144552.0 | ||
| 008 | 150118s1987 us a||||r|||| 001 0 eng d | ||
| 020 | _a047185980X | ||
| 040 | _aBD-DhSAU | ||
| 082 |
_222 _a001.424 _bRAO |
||
| 100 | _aRavindram, A. | ||
| 245 |
_aOperations research principles and practice / _cA. Ravindram, Don T. Philips, James J. Solberg |
||
| 260 |
_aNew York : _bJohn Wiley & Sons, _cc1987. |
||
| 300 |
_axviii, 637 p. : _bill. ; _c23 cm. |
||
| 504 | _aIncludes bibliographical references and index. | ||
| 590 | _aerfat | ||
| 650 | _aOperations research | ||
| 650 | _aprinciples and practice. | ||
| 700 | _aPhilips, Don T. | ||
| 700 | _aSolberg, James J. | ||
| 942 |
_2ddc _cBOOK |
||
| 999 |
_c1621 _d1621 |
||